Táta uspává / (Záznam č. 34246)

Podrobnosti MARC
000 -Návěští
Řídící pole kódované 24B 01392nam a2200361 i 4500
001 - Kontrolní číslo
Řídící pole proměnné nkc20253724306
003 - Identifikátor kontrolního čísla
Řídící pole proměnné CZ PrSKC
005 - Datum posledního zpracování
Řídící pole 16B 20260505094335.0
007 - Pole pevné délky pro fyzický popis
Řídící pole kódované ta
008 - Údaje pevné délky
Řídící pole kódované 40B 251209s2025 xr a a 000 j cze
020 ## - ISBN
ISBN 9788025262214
Dostupnost Kč 249,00
040 ## - Zdroj katalogizace-agentura
Agentura původní katalogizace ABG001
Jazyk katalogizace cze
Agentura upravující záznam ABA001
Použitá pravidla popisu rda
041 1# - Kód jazyka
Kód jazyka textu/zvuku, mezititulků cze
Kód jazyka originálu eng
072 #7 - Kód předmětové kategorie - Konspekt
Předmětová kategorie 821-93
Zpřesnění předmětové kategorie Literatura pro děti a mládež (beletrie)
Zdroj předmětové klasifikace Konspekt
080 ## - MDT
Klasifikační znak MDT 821-32
Idetifikátor vydání MDT MRF
080 ## - MDT
Klasifikační znak MDT 821-93
Idetifikátor vydání MDT MRF
080 ## - MDT
Klasifikační znak MDT (0:82-32)
Idetifikátor vydání MDT MRF
130 0# - Hlavní záhlaví - unifikovaný název
Unifikovaný název Daddy putdown.
Jazyk díla Česky
9 (RLIN) 20736
245 10 - Údaje o názvu
Název Táta uspává /
Údaj o odpovědností, atd. z anglického originálu ... přeložila Irena Steinerová
250 ## - Údaje o vydání
Označení vydání 1. vydání
264 #1 - Nakladatelské údaje
Místo vydání Praha :
Nakladatel Alicanto,
Rok vydání 2025
300 ## - Fyzický popis
Rozsah 30 nečíslovaných stran :
další fyzické údaje barevné ilustrace ;
Rozměry 26 cm
490 1# - Údaje o edici
Údaje o edici Bluey
500 ## - Všeobecná poznámka
Text obecné poznámky Obálkový podnázev: pohádka na dobrou noc
520 2# - Anotace
Anotace, atd. Obrázková knížka s pohádkou na dobrou noc na motivy oblíbeného animovaného seriálu o rodince pejsků.
Rozšířený text anotace Když maminka vyrazí na návštěvu ke kamarádce na vítání miminka, malou Blue a Bingo musí uložit do postýlky táta. Půjde tátovi uspávání podle plánu? Nakladatelská anotace. Kráceno.
655 #7 - Rejstříkový termín - žánr/forma
Žánr/forma či základní termín příběhy
655 #7 - Rejstříkový termín - žánr/forma
Žánr/forma či základní termín publikace pro děti
655 #9 - Rejstříkový termín - žánr/forma
Žánr/forma či základní termín stories
655 #9 - Rejstříkový termín - žánr/forma
Žánr/forma či základní termín children's literature
700 1# - Vedlejší záhlaví - osobní jméno autora
Osobní jméno Steinerová, Irena,
Datumy související se jménem 1966-
Kód role trl
9 (RLIN) 1998
910 ## - Údaje o vlastníkovi jednotky (exempláře)
Sigla vlastníka jednotky ABG508
Jednotky
Stav ztráty Zdroj klasifikace pro skladování Stav poškození
  Universal Decimal Classification  

Používáme knihovní systém Koha